| 000 | 00802nam a22002651 4500 | ||
|---|---|---|---|
| 001 | 105721 | ||
| 003 | ES-MaACL | ||
| 005 | 20240613063025.0 | ||
| 007 | t| | ||
| 008 | 060810s1970 ag ||||0| spa d | ||
| 016 | 7 | _zIND9200503819 | |
| 040 |
_aM-BN _bspa _cA2 |
||
| 080 | _a929 León, María Teresa | ||
| 080 | _a821.134.2-94"19" | ||
| 100 | 1 |
_aLeón, María Teresa, _d1903-1988 _971586 |
|
| 245 | 1 | 0 |
_aMemoria de la melancolía / _cMaría Teresa León. |
| 260 |
_aBuenos Aires : _bLosada, _c[1970] |
||
| 300 |
_a331 p. ; _c20 cm. |
||
| 490 | 1 | _aCristal del tiempo | |
| 500 | _aBiblioteca Juan Andrade. | ||
| 600 | 1 | 4 |
_aLeón, María Teresa, _d1903-1988 _971586 |
| 830 | 0 |
_aCristal del tiempo _9185072 |
|
| 852 |
_aES-MaACL _jAND-538 _bR.109837 |
||
| 999 |
_c105721 _d105721 |
||